जल बिन्दू निपातंन क्रमश: पुर्यते घट: (Record no. 202928)

MARC details
000 -LEADER
fixed length control field 00724nam a2200181Ia 4500
008 - FIXED-LENGTH DATA ELEMENTS--GENERAL INFORMATION
fixed length control field 090201s9999 xx 000 0 und d
010 ## - LIBRARY OF CONGRESS CONTROL NUMBER
LC control number KPL-65928
040 ## - CATALOGING SOURCE
Language of cataloging मराठी
041 ## - LANGUAGE CODE
Language code of text/sound track or separate title मराठी
082 ## - DEWEY DECIMAL CLASSIFICATION NUMBER
Classification number 1834
Item number 65928
100 ## - MAIN ENTRY--PERSONAL NAME
Personal name प्रणव अरूण वडनेरकर
245 ## - TITLE STATEMENT
Title जल बिन्दू निपातंन क्रमश: पुर्यते घट:
Statement of responsibility, etc प्रणव अरूण वडनेरकर
250 ## - EDITION STATEMENT
Edition statement 1
260 ## - PUBLICATION, DISTRIBUTION, ETC. (IMPRINT)
Date of publication, distribution, etc 2003
Name of publisher, distributor, etc साहित्य प्रसार केद्र
300 ## - PHYSICAL DESCRIPTION
Extent 247
Other physical details मध्यम
600 ## - SUBJECT ADDED ENTRY--PERSONAL NAME
Personal name जल बिन्दू निपातंन क्रमश: पुर्यते घट:
942 ## - ADDED ENTRY ELEMENTS (KOHA)
Koha item type Book

No items available.